000 003160000a22001450004500
001 000347
003 MACL
040 _aMACL
090 _c347
_d347
100 _aDutta, Krishna
245 _aRabindranath Tagore
_bAn Anthology
_cKrishna Dutta
260 _aPicador,
_c1997
650 _aBiography
942 _k920
_cBook
999 _c49654
_d49654